The Winning Way (Record no. 51956)

MARC details
000 -LEADER
fixed length control field 00411nam a2200169Ia 4500
008 - FIXED-LENGTH DATA ELEMENTS--GENERAL INFORMATION
fixed length control field 220530s9999 xx 000 0 und d
020 ## - INTERNATIONAL STANDARD BOOK NUMBER
International Standard Book Number 9789380658322
041 ## - LANGUAGE CODE
Language code of text/sound track or separate title eng
082 ## - DEWEY DECIMAL CLASSIFICATION NUMBER
Classification number 820
Item number BHO
100 ## - MAIN ENTRY--PERSONAL NAME
Personal name Bhogle Anita
9 (RLIN) 57577
245 ## - TITLE STATEMENT
Title The Winning Way
250 ## - EDITION STATEMENT
Edition statement 1st Ed.
260 ## - PUBLICATION, DISTRIBUTION, ETC. (IMPRINT)
Place of publication, distribution, etc. Chennai
Name of publisher, distributor, etc. Westland Ltd.
Date of publication, distribution, etc. 2011
300 ## - PHYSICAL DESCRIPTION
Extent XV;196 P.
Other physical details PB
700 ## - ADDED ENTRY--PERSONAL NAME
Personal name Bhogle Harsha
9 (RLIN) 57578
906 ## - LOCAL DATA ELEMENT F, LDF (RLIN)
a 50
b GB
Holdings
Withdrawn status Lost status Damaged status Not for loan Collection code Home library Current library Date acquired Vendor Cost, normal purchase price Total Checkouts Full call number Barcode Date last seen Date last checked out Cost, replacement price Bill Date Koha item type Original Barcode
        Non Technical Cummins College of Engineering for Women Nagpur Cummins College of Engineering for Women Nagpur 25/03/2014 Allied Publisher Pvt. Ltd. 200.00 3 820/BHO/ CEWN-BK-5665 29/07/2024 13/07/2024 150.00 30/05/2022 Books 005665